futbolistas brasileños con más partidos en la liga española - Estadísticas

Estadísticas generales
  • Esta prueba ha sido intentada 769 veces
  • La puntuación promedio es 7 de 18
Estadísticas de respuestas
Años en La Liga Club/ Clubes Partidos Jugador % Correcto
2002-2016/ 2021-2022 Sevilla FC/ FC Barcelona 436 Dani Alves
87%
2007-2017/ 2023 UD Almería/ Valencia CF/ Celta de Vigo 270 Diego Alves
87%
2007-2022 Real Madrid 386 Marcelo
87%
1996-1997/ 2002-2007 FC Barcelona/ Real Madrid 164 Ronaldo
73%
1996-2007 Real Madrid 370 Roberto Carlos
70%
2013-2014/ 2015-2022 Real Madrid 222 Casemiro
56%
1996-2002 RC Deportivo/ FC Barcelona 198 Rivaldo
50%
2006-2014/ 2015-2019 RC Deportivo/ Atlético de Madrid 351 Filipe Luis
39%
2004-2016 Sevilla FC/ FC Barcelona 271 Adriano
30%
2005-2011 Sevilla FC 149 Luis Fabiano
19%
2012-2019/ 2022-2023 Rayo Vallecano/ Atlético de Madrid/ Real Betis/ Villarreal CF/ RCD Espanyol/ UD Almería 206 Leo Baptistao
18%
2013-2014/ 2015-2023 Real Madrid/ UD Las Palmas/ Real Sociedad/ Real Betis 234 William José
18%
1998-2000/ 2000-2005 Real Betis 165 Denílson
17%
1992-2005 RC Deportivo 369 Mauro Silva
16%
2000-2009 Celta de Vigo/ Real Betis 253 Edú
7%
2004-2011 Sevilla FC 204 Renato
7%
2001-2009 Celta de Vigo/ FC Barcelona 173 Sylvinho
5%
2008-2017 Málaga CF 217 Weligton
2%
No se encontraron pruebas coincidentes
Distribución de puntuación
Porcentaje de gente con cada puntuación
Porcentaje por número respondido
Historial de tus puntuaciones
No has intentado esta prueba.